Symbole der alten Ägypter : Einführung und kleines Wörterbuch /

محفوظ في:

المؤلف الرئيسي: Lurker, Manfred (مؤلف)

التنسيق: كتاب

اللغة: German

منشور في: Weilheim : O. W. Barth, [1964].

الموضوعات:

الوسوم: إضافة وسم

لا توجد وسوم, كن أول من يضع وسما على هذه التسجيلة!

رقم الطلب: BL2428 .L86 1964

LEADER 00674namaa2200217 4500
003 OSt
005 20250915115946.0
008 130303s1964 gw ab b 000 0 ger d
040 |c ARCE Library 
043 |a f-ua--- 
050 4 |a BL2428 .L86 1964 
100 1 |a Lurker, Manfred,  |e author  |9 34994 
245 1 0 |a Symbole der alten Ägypter :   |b Einführung und kleines Wörterbuch /   |c [von] Manfred Lurker. 
264 1 |a Weilheim :   |b O. W. Barth,   |c [1964]. 
300 |a 152 pages :  |b illustrations, map ;  |c 21 cm. 
504 |a Bibliography : pages 149-150. 
650 0 |a Egyptology  |v Dictionaries. 
651 0 |a Egypt  |x Religion. 
901 |a reviewed 
942 |c BK  |2 lcc 
999 |c 1394  |d 1394